| 000 -LEADER |
| fixed length control field |
00753nam a22002657a 4500 |
| 008 - FIXED-LENGTH DATA ELEMENTS--GENERAL INFORMATION |
| fixed length control field |
150623b xxu||||| |||| 00| 0 eng d |
| 020 ## - INTERNATIONAL STANDARD BOOK NUMBER |
| International Standard Book Number |
9780077519544 |
| 020 ## - INTERNATIONAL STANDARD BOOK NUMBER |
| International Standard Book Number |
007751954X |
| 020 ## - INTERNATIONAL STANDARD BOOK NUMBER |
| International Standard Book Number |
9780077445775 |
| 020 ## - INTERNATIONAL STANDARD BOOK NUMBER |
| International Standard Book Number |
0077445775 |
| 041 0# - LANGUAGE CODE |
| Language code of text/sound track or separate title |
eng |
| 080 ## - UNIVERSAL DECIMAL CLASSIFICATION NUMBER |
| Universal Decimal Classification number |
658 |
| 100 ## - Rafti |
| Rafti |
Kinicki Angelo; Williams, Brian K.; |
| 245 ## - TITLE STATEMENT |
| Title |
Management: |
| Statement of responsibility, etc |
Angelo Kinicki; Brian K. Williams; |
| 250 ## - |
| -- |
5th Edition |
| 260 ## - |
| -- |
USA; |
| -- |
McGraw Hill' |
| -- |
2011. |
| 300 ## - |
| -- |
505 f.: |
| -- |
me il.; |
| -- |
25 cm. |
| 505 ## - |
| -- |
Name Index: f.I1 - I6 |
| 505 ## - |
| -- |
Company Index: f. I7 - I12 |
| 505 ## - |
| -- |
Glossary / Subject Index: f. I13 - I35 |
| 650 #0 - |
| -- |
Menaxhim |
| 650 #0 - |
| -- |
Udhëheqje |
| 650 #0 - |
| -- |
Organizim |
| 942 ## - ADDED ENTRY ELEMENTS (KOHA) |
| Source of classification or shelving scheme |
|
| Item type |
Books |